000 00720nam a22001817a 4500
003 BD-DhUL
005 20170516172017.0
008 170516s1985 bg ||||| |||| 00| 0 ben c
040 _aBD-DhUL
_cBD-DhUL
082 _a891.44
_bRAS
100 1 _aরায়, দেবেশ
245 1 0 _aসময় সমকাল :
_bশিল্প-সাহিত্য, মার্কসবাদ বিষয়ে কয়েকটি নিবন্ধ /
_cদেবেশ রায়
260 _aকলকাতা :
_bঅন্বেষা,
_c১৯৮৪
300 _a১৪৭পৃ. ;
_c২২ সেমি.
650 0 _aবাংলা সাহিত্য
650 0 _aBangla Literature
942 _2ddc
_cBK
999 _c197903
_d197903